Les Néandertaliens du talon : technologie lithique et mobilité au Paléolithique moyen dans le Salento (Pouilles, Italie méridionale) /

Focusing on the abundant Middle Palaeolithic sites in the Salento region of Southern Italy, this work analyses how Neanderthals used and managed raw materials, through both the procurement and use of the locally available materials and the exploitation of possibly more distant sources.

محفوظ في:

المؤلف الرئيسي: Spinapolice, Enza E. (مؤلف)

التنسيق: كتاب الكتروني

اللغة: French

منشور في: Summertown, Oxford : Archaeopress Publishing Ltd, 2018.

الموضوعات:

الوصول للمادة أونلاين: Login to view Source

الوسوم: إضافة وسم

لا توجد وسوم, كن أول من يضع وسما على هذه التسجيلة!

رقم الطلب: DG55.S16

LEADER 02016nam a2200409 i 4500
001 EDZ0001947650
003 StDuBDS
005 20230412182151.0
006 m|||||o||d||||||||
007 cr |||||||||||
008 180321s2018 enka fob 000|0|fre|d
020 |a 9781784918224 (ebook) :  |c No price 
040 |a StDuBDS  |b eng  |c StDuBDS  |e rda  |e pn 
050 4 |a DG55.S16 
082 0 4 |a 937.7  |2 23 
100 1 |a Spinapolice, Enza E.,  |e author. 
245 1 4 |a Les Néandertaliens du talon :  |b technologie lithique et mobilité au Paléolithique moyen dans le Salento (Pouilles, Italie méridionale) /  |c by Enza E. Spinapolice. 
264 1 |a Summertown, Oxford :  |b Archaeopress Publishing Ltd,  |c 2018. 
300 |a 1 online resource (xii, 224 pages) :  |b illustrations (black and white, and colour) 
336 |a text  |2 rdacontent 
336 |a still image  |2 rdacontent 
337 |a computer  |2 rdamedia 
338 |a online resource  |2 rdacarrier 
500 |a Previously issued in print: 2018. 
504 |a Includes bibliographical references. 
520 8 |a Focusing on the abundant Middle Palaeolithic sites in the Salento region of Southern Italy, this work analyses how Neanderthals used and managed raw materials, through both the procurement and use of the locally available materials and the exploitation of possibly more distant sources. 
521 |a Specialized. 
588 |a Description based on online resource; title from home page (viewed on October 4, 2018). 
651 0 |a Salentina Peninsula (Italy)  |x History. 
650 0 |a Paleolithic period  |z Italy  |z Salentina Peninsula. 
650 0 |a Neanderthals  |z Italy  |z Salentina Peninsula. 
650 0 |a Raw materials  |z Italy  |z Salentina Peninsula  |x History. 
776 0 8 |i Print version :  |z 9781784918217 
856 4 0 |3 Archaeopress  |u http://library.arce.org:8087/Archaeopress/Products/9781784918217 
942 |2 lcc  |c EBOOK 
952 |0 0  |1 0  |4 0  |6 DG0055 S16  |7 1  |9 46375  |a ARCH  |b ARCH  |d 2023-04-12  |l 0  |o DG55.S16  |r 2023-04-12 00:00:00  |w 2023-04-12  |y EBOOK 
999 |c 52033  |d 52033